000 00624nam a2200253Ia 4500
005 20260121155331.0
008 008 260114s9999 xx 000 0 eng d
020 _a9781003128144
037 _aEBOOK
040 _aCRL
040 _beng
040 _cCRL
041 _2eng
041 _aeng
084 _qCRL
100 _a Europa Publications
_91018241
245 4 _aThe Europa International Foundation Directory 2020
260 _bTaylor and Francis
260 _c2020
856 _uhttp://www.taylorfrancis.com/books/9781003128144
942 _cEBOOK
999 _c1585060
_d1585060